| 000 | 00778nam a22002057a 4500 | ||
|---|---|---|---|
| 999 |
_c19909 _d19909 |
||
| 003 | AR-CdUCM | ||
| 008 | 190523b ||||| |||| 00| 0 spa d | ||
| 040 |
_aMUNICIPALIDAD PROVINCIAL DEL CUSCO _cBIBLIOTECA MUNICIPAL DEL CUSCO |
||
| 082 |
_a800 / _bF41 |
||
| 100 |
_aFernandez De Yácubsohn, Martha / _941621 |
||
| 245 |
_aLiteratura española e hispanoamericana : _bModelos de análisis / |
||
| 260 |
_aArgentina : _bKapeluz, _c1979. |
||
| 300 |
_a297 Páginas ; _bIlustraciones a colores y fotografías a b/n _c24 cm. |
||
| 505 | _aContenido: Siglo XV España y América Hispana -- España la prosa oculta... | ||
| 650 |
_aLiteratura _983 |
||
| 650 |
_aRomances viejos _941622 |
||
| 650 |
_aLazarillo de Tormes _932187 |
||
| 942 |
_2ddc _cLIBROS |
||
| 945 |
_aAndy _d2019-05-23 |
||